Introduction to law in Malaysia : Pengenalan kepada undang-undang di Malaysia

Bibliographic Details
Main Author: Venugapal, A.Vijayalaksmi (Author)
Format: Book
Language:English
Published: Selangor : Sweet & Maxwell Asia 2001
Subjects:

MARC

LEADER 00000cam a2200000 7i4500
001 0000015955
005 20241024.0
008 231214 my eng
020 |a 9839088645 (pbk) 
040 |a INS   |b eng   |e rda 
090 0 0 |a KPG442   |b .V46 2001 
100 1 |a Venugapal, A.Vijayalaksmi ,   |e author 
245 1 0 |a Introduction to law in Malaysia :   |b Pengenalan kepada undang-undang di Malaysia   |c by A Vijayalakshmi Venugapal 
264 1 |a Selangor :   |b Sweet & Maxwell Asia   |c 2001 
300 |a xli, 505 pages ;   |c 22 cm. 
336 |a text  |2 rdacontent 
337 |a unmediated  |2 rdamedia 
338 |a volume  |2 rdacarrier 
650 0 |a Law   |z Malaysia 
999 |a 0000015961   |b BOOK   |c Open Shelf   |e Default branch